Matrix computations

Gespeichert in:
Bibliographische Detailangaben
Hauptverfasser: Golub, Gene Howard (VerfasserIn), Van Loan, Charles F (VerfasserIn)
Format: Buch
Sprache:Englisch
Veröffentlicht: Baltimore The Johns Hopkins University Press 1996
Ausgabe:3a. ed
Schlagworte:
Tags: Tag hinzufügen
Keine Tags, Fügen Sie den ersten Tag hinzu!

MARC

LEADER 00000nam a2200000 a 4500
001 UCG5837
003 CL-VaPUC
005 20230718074440.0
008 110324e19960000US |||||||||||||||||eng|d
999 |c 344199  |d 344197 
020 |a 0801854148 
040 |c Pontificia Universidad Católica de Valparaíso 
082 0 4 |a 511  |b GOL  |2 21 
100 |a Golub, Gene Howard  |e author  |9 587401 
245 1 0 |a Matrix computations 
250 |a 3a. ed 
260 |a Baltimore  |b The Johns Hopkins University Press  |c 1996 
300 |a 694 p 
583 |a last modification  |c 20110324 00:00:00  |k Rodrigo Vera 
650 0 |a Ciencia de la computación  |9 260608  |x Matemáticas 
650 0 |a Matemática  |x Matrices  |x Procesamiento de datos  |9 260235 
700 0 |a Van Loan, Charles F  |e author  |9 555709 
942 |c BK  |2 ddc 
945 |d 20110324 00:00:00  |a dcastane 
952 |0 0  |1 0  |4 0  |6 511_000000000000000_GOL_1996  |7 0  |8 A  |9 442044  |a BIBMAT  |b BIBMAT  |d 2019-11-22  |i 4758595  |o 511 GOL 1996  |p 4758595  |r 2025-01-07  |w 2019-11-22  |y BK  |k MAT